| 000 | 00938nam a2200253 i 4500 | ||
|---|---|---|---|
| 001 | bg | ||
| 100 | 1 |
_aALDRICH, Richard J. _d(1925- ) |
|
| 245 | 1 | 0 |
_aEkologia chwastów w roślinach uprawnych : _bpodstawy zwalczania chwastów / _cRichard J. Aldrich ; przekł. [z ang.] i adapt. Bronisław Połcik, Kazimierz Adamczewski. |
| 246 |
_iTyt. oryg.: _aWeed-crop ecology |
||
| 260 |
_aOpole : _bTowarzystwo Chemii i Inżynierii Ekologicznej, _c1997. |
||
| 300 |
_a461 s. : _bfot., rys., wykr. ; _c24 cm. |
||
| 500 | _aOryg. : "Weed-crop ecology" 1984. - Nazwa wydaw. w cop. | ||
| 504 | _aBibliogr. s. 435-449. - Indeks. | ||
| 650 | 9 |
_aChwasty _xekologia |
|
| 650 | 9 |
_aChwasty _xzwalczanie _xmetody |
|
| 655 | _aPodręczniki akademickie | ||
| 020 | _a839056694X | ||
| 040 | _cBPK | ||
| 041 | 1 |
_apl _hen |
|
| 080 | _a633:632.5:632.9:581.5](075.8) | ||
| 920 | _a83-905669-4-X | ||
| 942 | _cKS | ||
| 008 | s pl f |000 0 pol | ||
| 999 |
_c36703 _d36703 |
||
| 856 |
_uhttp://koha.tu.koszalin.pl/cgi-bin/koha/opac-detail.pl?biblionumber=36703 _yKatalog online BPK |
||